01680nam a22003977a 4500003000500000005001700005008004100022010001000063011001000073035001100083040000900094090001000103100004000113245010800153260004100261300003700302502007800339590003700417590004100454590004100495590004100536590004100577590004200618650004500660650005500705650003000760650004500790901000700835905001800842942000900860949005800869949006300927999001700990952014001007952013501147CHAP20220329143127.0060602d2006 mx a r 00110 spa d a92329 a93301 a103873 cCHAP aTesis1 aChávez Martínez, Felipe.92272510aDeficiencias nutrimentales en chile manzano (Capsicum pubescens R y P)c/por Felipe Chávez Martínez aChapingo, Méx. :bEl autor,c2006. a62 h. : ilus. Gráfs.; cuadros. aTesis (Ing. Agr. Esp. en Fitotecnia) - - UACH. Departamento de Fitotecnia aALEPHb10c20130110lUCH01h1512 aBATCH-UPDb10c20130110lUCH01h0327 aBATCH-UPDb10c20130110lUCH01h2025 aBATCH-UPDb10c20130410lUCH01h0000 aBATCH-UPDb10c20130914lUCH01h0924 aCONVERSIONb10c20130109lUCH01h135114aChile (Botánica)xEnfermedades.92235314aChile manzanoxFisiología y morfología.92245514aClorosis (Plantas)92390414aPlantasxDeficiencias nutritivas.988812 aBK aElisama A. H. cFOLL atesisbBCcTESd00000000103873eTS1h45403i103873sb atesisbBCcTESd33724000877353eTS2fc.2h45404i103873sm c92329d92329 00102local4053708TESISaBCbBCcPA_TESISd2019-12-31fTESISl0oTesisp33724000877353r2019-12-31 00:00:00tc.2w2019-12-31yTESIS 00102local4051708TESISaBCbBCcPA_TESISd2019-12-31fTESISl0oTesisp00000000103873r2019-12-31 00:00:00w2019-12-31yTESIS